Arctic Monkeys Lyrics - Piledriver Waltz - Statistics

General Stats
  • This quiz has been taken 266 times
  • The average score is 170 of 197
Answer Stats
Lyrics % Correct
I
100%
a
99%
an
97%
on
97%
the
97%
you
97%
You
97%
like
96%
And
95%
and
95%
by
95%
look
95%
piledriver
95%
Piledriver
95%
for
94%
Your
94%
your
94%
been
93%
so
93%
waltz,
93%
you've
93%
back
92%
breakfast
92%
heartbreak
92%
hotel
92%
of
92%
at
91%
shoes
91%
you're
91%
to
90%
To
90%
in
89%
me
89%
was
89%
comfortable
88%
If
88%
it
88%
go
87%
heard
87%
wear
87%
miserable
86%
morning
86%
this
86%
waitress
86%
face
85%
try
85%
gonna
84%
how
84%
Make
84%
make
84%
stopwatch
84%
sure
84%
up
84%
food
83%
sat
83%
raindrop
82%
walk
82%
literature
81%
lose
81%
woke
81%
booth
78%
ending,
78%
water
78%
etched
75%
pamphlets
75%
sounds
75%
unhappy
75%
leaving
74%
sort
72%
hourglass
69%
out
69%
planning
69%
that
69%
shoot
68%
news
66%
when
65%
cannon
64%
Oh-
64%
oh,
64%
oh-
64%
oh
64%
did
61%
flashing
60%
sand
60%
never
59%
amber
55%
answer
55%
red
54%
swap
54%
green
53%
questionnaire
53%
changes
52%
But
48%
Mysteries
46%
rest
44%
No matching quizzes found
Score Distribution
Percent of People with Each Score
Percentile by Number Answered
Your Score History
You have not taken this quiz